[Event "11. Lichtenberger Sommer"]
[Site "Berlin"]
[Date "2012.08.24"]
[Round "7.49"]
[White "Bergmann, Jens"]
[Black "Meyer, Ulrich"]
[Result "1/2-1/2"]
[WhiteElo "1946"]
[BlackElo "2069"]
[PlyCount "134"]
[EventDate "2012.??.??"]
[WhiteTeam "SK Tempelhof 1931 e.V."]
[BlackTeam "Schachclub Sendenhorst e.V."]

1. e4 e5 2. Nf3 Nf6 3. Nxe5 d6 4. Nf3 Nxe4 5. d3 Nf6 6. d4 d5 7. Bg5 Bd6 8. Bd3
Be6 9. O-O Nbd7 10. h3 c6 11. Nbd2 h6 12. Be3 Qc7 13. c4 dxc4 14. Nxc4 Bxc4 15.
Bxc4 Nb6 16. Ne5 Nxc4 17. Nxc4 O-O 18. Qf3 Nd5 19. Qg4 f5 20. Qh5 f4 21. Bd2
Kh7 22. Rfe1 g6 23. Qg4 Rf6 24. h4 h5 25. Qh3 Raf8 26. Re6 Rxe6 27. Qxe6 Rf6
28. Qh3 b5 29. Nxd6 Qxd6 30. a3 Qe6 31. Qf3 Qg4 32. Qxg4 hxg4 33. Re1 Kg7 34.
Re8 Kf7 35. Ra8 Ke6 36. Rxa7 Kf5 37. f3 g3 38. Kf1 Ke6 39. Ke2 Rf8 40. Rh7 Re8
41. Kd3 Kf6 42. Rd7 Re6 43. Ba5 Re3+ 44. Kd2 Rxf3 45. Rd6+ Ke7 46. Rxc6 Rf2+
47. Kd3 Nf6 48. Bd8+ Kxd8 49. Rxf6 Rxg2 50. Rxf4 Rxb2 51. Kc3 Rf2 52. Rg4 Rf3+
53. Kb4 Ke7 54. Rxg6 Kf7 55. h5 Re3 56. Kxb5 Rxa3 57. d5 Re3 58. Kc5 Ra3 59.
Kd4 Rb3 60. Ke5 Re3+ 61. Kf4 Rd3 62. Ke4 Ra3 63. d6 Ra5 64. d7 Ke7 65. Rg7+ Kd8
66. h6 g2 67. h7 Rh5 1/2-1/2

[Event "11. Lichtenberger Sommer"]
[Site "Berlin"]
[Date "2012.08.24"]
[Round "7.50"]
[White "Wirth, Heinz"]
[Black "Schönberger, Kay"]
[Result "1-0"]
[WhiteElo "1988"]
[BlackElo "1899"]
[PlyCount "135"]
[EventDate "2012.??.??"]
[WhiteTeam "SC Weisse Dame e.V."]
[BlackTeam "SV Koblenz 03/25"]

1. e4 c6 2. d4 d5 3. Nc3 dxe4 4. Nxe4 Nf6 5. Nxf6+ exf6 6. c3 Bd6 7. Bd3 O-O 8.
Qc2 Re8+ 9. Ne2 g6 10. h4 c5 11. h5 f5 12. hxg6 fxg6 13. Be3 cxd4 14. Bxd4 Qe7
15. O-O-O Nc6 16. Kb1 Be6 17. Be3 Rac8 18. Qd2 Bc5 19. Bxc5 Qxc5 20. Qh6 Rc7
21. Nf4 Ne5 22. Nxe6 Rxe6 23. Bxf5 Rd6 24. Bc2 Nc4 25. Bb3 Rxd1+ 26. Rxd1 Qe7
27. Qf4 b5 28. Qd4 h5 29. Qd5+ Kh7 30. Qxb5 Qe2 31. Rd7+ Rxd7 32. Qxd7+ Kh6 33.
Bxc4 Qxc4 34. Qd2+ Kh7 35. f3 h4 36. b3 Qf1+ 37. Kb2 h3 38. Qd7+ Kg8 39. Qd5+
Kh7 40. Qf7+ Kh6 41. Qf4+ Kg7 42. Qd4+ Kg8 43. Qd8+ Kg7 44. Qe7+ Kg8 45. Qe6+
Kg7 46. Qe5+ Kh7 47. gxh3 Qxf3 48. Qe7+ Kh6 49. Qh4+ Kg7 50. Qd4+ Kh7 51. Qxa7+
Kh6 52. Qd7 Qf2+ 53. Kb1 Qe1+ 54. Kc2 Qa1 55. Qa4 Qf1 56. Qh4+ Kg7 57. Qd4+ Kh7
58. Qd7+ Kh8 59. b4 Qe2+ 60. Kb3 Qf1 61. Qc8+ Kg7 62. Ka4 Kf7 63. Ka5 Qd3 64.
a4 Qd5+ 65. b5 g5 66. Ka6 Qd6+ 67. b6 Qa3 68. a5 1-0

[Event "11. Lichtenberger Sommer"]
[Site "Berlin"]
[Date "2012.08.24"]
[Round "7.51"]
[White "Bandlow, Matthias"]
[Black "Heerde, Thomas"]
[Result "0-1"]
[WhiteElo "1971"]
[BlackElo "1969"]
[PlyCount "82"]
[EventDate "2012.??.??"]
[WhiteTeam "SC Borussia Friedrichsfelde 1920"]
[BlackTeam "SC Weisse Dame e.V."]

1. d4 Nf6 2. c4 g6 3. Nf3 Bg7 4. e3 O-O 5. Be2 d6 6. O-O Nbd7 7. Nc3 e5 8. b4
e4 9. Nd2 Re8 10. Qc2 Qe7 11. Bb2 c6 12. Rfc1 Nf8 13. b5 h5 14. bxc6 bxc6 15.
Ba3 Bf5 16. Rab1 N8h7 17. Qa4 Rac8 18. Qa6 Rc7 19. d5 Bc8 20. Qa5 c5 21. Bd1
Bf5 22. Nb5 Rd7 23. Ba4 Ng4 24. h3 Ne5 25. Nxd6 Qxd6 26. Bxc5 Qf6 27. Bxd7 Nxd7
28. Qxa7 Ng5 29. Bd4 Ne5 30. Rb6 Nxh3+ 31. Kf1 Qh4 32. g3 Qg5 33. Rb8 Bc8 34.
Kg2 Qg4 35. Qa4 Rf8 36. Qd1 Nf3 37. Nxf3 exf3+ 38. Kh2 Nxf2 39. Qf1 Ne4 40. Rc2
Qxg3+ 41. Kh1 Qxb8 0-1

[Event "11. Lichtenberger Sommer"]
[Site "Berlin"]
[Date "2012.08.24"]
[Round "7.54"]
[White "Möller, Dustin"]
[Black "Baumert, Christian"]
[Result "0-1"]
[WhiteElo "1838"]
[BlackElo "2158"]
[PlyCount "88"]
[EventDate "2012.??.??"]
[WhiteTeam "Eckernförder SC von 1921"]
[BlackTeam "SG Lasker Steglitz-Wilmersdorf"]

1. c4 e5 2. g3 Nf6 3. Bg2 Nc6 4. Nc3 Be7 5. e4 d6 6. d3 Nd4 7. Be3 c5 8. Bxd4
cxd4 9. Nce2 Qa5+ 10. Qd2 Qxd2+ 11. Kxd2 O-O 12. h3 Nd7 13. g4 a5 14. f4 Nc5
15. Nf3 Re8 16. Kc2 f6 17. b3 Bd7 18. a4 Rec8 19. Nh4 Na6 20. Kd2 Rc7 21. Rhg1
g6 22. f5 Kg7 23. Nf3 Nb4 24. Nc1 Kf7 25. h4 Bc6 26. g5 gxf5 27. exf5 Rg8 28.
Nh2 fxg5 29. Bxc6 Nxc6 30. Ng4 Bf8 31. hxg5 Rxg5 32. Ne2 Rxf5 33. Ng3 Rf4 34.
Raf1 Rxf1 35. Rxf1+ Ke8 36. Nf6+ Kd8 37. Rh1 Rg7 38. Ne2 Be7 39. Nxh7 Ke8 40.
Kd1 Nd8 41. Rh3 Ne6 42. Rh6 Kf7 43. Kc2 Nc5 44. Nc1 Nd7 0-1

[Event "11. Lichtenberger Sommer"]
[Site "Berlin"]
[Date "2012.08.24"]
[Round "7.55"]
[White "Meyer, Willfried"]
[Black "Jaeger, Andre"]
[Result "0-1"]
[WhiteElo "1807"]
[BlackElo "2002"]
[PlyCount "76"]
[EventDate "2012.??.??"]
[WhiteTeam "SC Zugzwang 95 e.V."]
[BlackTeam "SC Rochade e.V."]

1. e4 c5 2. d4 cxd4 3. c3 Nf6 4. e5 Nd5 5. Qxd4 e6 6. Nf3 Nc6 7. Qe4 Qc7 8. Bb5
f5 9. Qe2 a6 10. Ba4 b5 11. Bb3 Nde7 12. O-O Ng6 13. Re1 Bc5 14. Bg5 h6 15. Be3
Bxe3 16. Qxe3 Bb7 17. Nbd2 O-O 18. a4 Na5 19. axb5 axb5 20. Ba2 Nc4 21. Bxc4
bxc4 22. Rxa8 Rxa8 23. b4 cxb3 24. Nxb3 Ra3 25. Nfd4 Qc4 26. Rb1 Be4 27. Rb2
Nxe5 28. f3 Qd3 29. Qe1 Nc4 30. Nc5 Nxb2 31. Nxd3 Nxd3 32. Qd1 Rxc3 33. Ne2 Nb2
34. Qa1 Rc2 35. fxe4 Rxe2 36. exf5 exf5 37. Qc1 Kh7 38. Kf1 Nd3 0-1

[Event "11. Lichtenberger Sommer"]
[Site "Berlin"]
[Date "2012.08.24"]
[Round "7.56"]
[White "Schmidek, Emil"]
[Black "Schlittermann, Wolfgang"]
[Result "1-0"]
[WhiteElo "1836"]
[BlackElo "1755"]
[PlyCount "111"]
[EventDate "2012.??.??"]
[WhiteTeam "TuS Makkabi Berlin e.V."]
[BlackTeam "SV Osram e.V."]

1. e4 c5 2. Nf3 Nc6 3. d4 cxd4 4. Nxd4 Nf6 5. Nc3 e5 6. Ndb5 a6 7. Nd6+ Bxd6 8.
Qxd6 Qe7 9. Qxe7+ Kxe7 10. Bg5 h6 11. Nd5+ Kf8 12. Bxf6 gxf6 13. Nxf6 d6 14.
O-O-O Be6 15. Nd5 Rc8 16. Nb6 Rc7 17. Kb1 Nb4 18. c3 Bxa2+ 19. Ka1 Bb3 20. Rxd6
Ke7 21. Rd2 Nc6 22. Nd5+ Bxd5 23. exd5 Na5 24. d6+ Ke6 25. dxc7 Nb3+ 26. Ka2
Nxd2 27. Bd3 Rc8 28. Rd1 e4 29. Rxd2 exd3 30. Rxd3 Rxc7 31. Rh3 Rd7 32. Rxh6+
Kf5 33. Rh3 Rd2 34. Rf3+ Kg6 35. Kb3 b5 36. h4 f5 37. Rg3+ Kf6 38. h5 a5 39. f4
a4+ 40. Ka3 Rd1 41. Rg6+ Kf7 42. Kb4 Rd2 43. Kxb5 Rxb2+ 44. Kxa4 Rf2 45. g3 Rh2
46. Rg5 Kf6 47. Kb5 Rb2+ 48. Kc5 Rh2 49. c4 Ke6 50. Kc6 Rd2 51. c5 Rd8 52. Rg6+
Kf7 53. Kc7 Rh8 54. Rg5 Rh7 55. Kb6 Ke6 56. c6 1-0

[Event "11. Lichtenberger Sommer"]
[Site "Berlin"]
[Date "2012.08.24"]
[Round "7.57"]
[White "Lieder, Günter"]
[Black "Dreke, Frank"]
[Result "0-1"]
[WhiteElo "1862"]
[BlackElo "2025"]
[PlyCount "66"]
[EventDate "2012.??.??"]
[WhiteTeam "SK Turm Bad Hersfeld"]
[BlackTeam "Treptower SV 1949 e.V."]

1. e4 c5 2. Nf3 Nf6 3. e5 Nd5 4. b3 g6 5. Bb2 Bg7 6. Qc1 O-O 7. g3 d6 8. Bg2
dxe5 9. Nxe5 f6 10. Nc4 Nc6 11. O-O e5 12. Ba3 b6 13. Ne3 Be6 14. Nc3 Nxc3 15.
dxc3 Rc8 16. Qd1 Qe7 17. Qe2 f5 18. Bb2 Qf7 19. Qb5 Ne7 20. Qe2 f4 21. Nc4 f3
22. Bxf3 Qxf3 23. Qxf3 Rxf3 24. Nd2 Rff8 25. c4 Nf5 26. Rae1 Nd4 27. Bxd4 cxd4
28. f4 Bh3 29. Rf2 exf4 30. gxf4 d3 31. Rf3 Bd4+ 32. Kh1 Rce8 33. Rxe8 Rxe8 0-1

[Event "11. Lichtenberger Sommer"]
[Site "Berlin"]
[Date "2012.08.24"]
[Round "7.58"]
[White "König, Frank"]
[Black "Prix, Siegfried"]
[Result "1-0"]
[WhiteElo "1949"]
[BlackElo "1800"]
[PlyCount "109"]
[EventDate "2012.??.??"]
[WhiteTeam "BSG 1827 Eckbauer e.V."]
[BlackTeam "Sfrd. Berlin 1903 e.V."]

1. e4 c5 2. Nf3 Nc6 3. d3 d6 4. Nbd2 g6 5. g3 Bg7 6. Bg2 Nf6 7. O-O O-O 8. Re1
e5 9. a4 Be6 10. h3 Nb4 11. Ng5 Bd7 12. Nc4 h6 13. c3 Nc6 14. Nf3 Be6 15. Ne3
b6 16. Nd2 a6 17. Ndc4 Rb8 18. Nd5 Bxd5 19. exd5 Ne7 20. f4 Nfxd5 21. fxe5 dxe5
22. Nxe5 Qc7 23. Ng4 h5 24. Nf2 Be5 25. Rxe5 Qxe5 26. c4 Ne3 27. Qf3 Nxg2 28.
Kxg2 Rbd8 29. Bf4 Qxb2 30. Re1 Nf5 31. Be5 Qd2 32. Re2 Qg5 33. Qb7 Nd4 34. Bf4
Qf5 35. Re5 Qd7 36. Qxb6 Qc6+ 37. Qxc6 Nxc6 38. Rxc5 Nb4 39. Bg5 f6 40. Be3
Nxd3 41. Ra5 Rfe8 42. Bb6 Rd6 43. c5 Rd5 44. Rxa6 Re2 45. c6 Nxf2 46. c7 Re8
47. Bxf2 Kf7 48. Rc6 Rc8 49. Bb6 Rd3 50. a5 Ra3 51. Rd6 Re8 52. Rd7+ Ke6 53.
Rd8 Ra2+ 54. Bf2 Ke7 55. Rxe8+ 1-0

[Event "11. Lichtenberger Sommer"]
[Site "Berlin"]
[Date "2012.08.24"]
[Round "7.59"]
[White "Casny, Guenter"]
[Black "Strehlow, Horst"]
[Result "1-0"]
[WhiteElo "1860"]
[BlackElo "2074"]
[PlyCount "103"]
[EventDate "2012.??.??"]
[WhiteTeam "SC Rochade e.V."]
[BlackTeam "SC Friesen Lichtenberg e.V."]

1. d4 e6 2. e3 Nf6 3. Nf3 d5 4. Bd3 c5 5. c3 Nc6 6. Nbd2 Be7 7. O-O O-O 8. Re1
h6 9. e4 cxd4 10. cxd4 dxe4 11. Nxe4 b6 12. Nxf6+ Bxf6 13. Be3 Nb4 14. Be4 Nd5
15. Qd2 Bb7 16. Bxh6 Re8 17. Be3 Rc8 18. Rac1 Qd7 19. Bg5 Bxg5 20. Nxg5 Nf6 21.
Bxb7 Qxb7 22. a3 Qd5 23. Nf3 Red8 24. Rxc8 Rxc8 25. Rc1 Rxc1+ 26. Qxc1 g6 27.
h3 Kg7 28. Qc7 Qd7 29. Qxd7 Nxd7 30. Ne5 Nb8 31. Kf1 f6 32. Nf3 Nc6 33. Ke2 Kf7
34. Kd3 Ke7 35. b4 b5 36. g4 g5 37. h4 gxh4 38. Nxh4 Kd6 39. f4 e5 40. Nf5+ Ke6
41. fxe5 fxe5 42. Ke4 Kf6 43. d5 Nd8 44. Nd6 a6 45. g5+ Kxg5 46. Kxe5 Kg4 47.
Ne4 Kf3 48. Nc5 Ke3 49. Nxa6 Kd3 50. Kd6 Nf7+ 51. Kc5 Kc3 52. Nc7 1-0

[Event "11. Lichtenberger Sommer"]
[Site "Berlin"]
[Date "2012.08.24"]
[Round "7.60"]
[White "Reiche, Henry"]
[Black "Lübke, Thomas"]
[Result "1/2-1/2"]
[WhiteElo "2004"]
[BlackElo "1990"]
[PlyCount "92"]
[EventDate "2012.??.??"]
[WhiteTeam "SC Zugzwang 95 e.V."]
[BlackTeam "FVS ASP Hoyerswerda"]

1. e4 c5 2. Nf3 d6 3. d4 cxd4 4. Nxd4 Nf6 5. Nc3 a6 6. a4 e5 7. Nb3 Be6 8. Be2
Nbd7 9. a5 Be7 10. O-O Rc8 11. f3 O-O 12. Be3 Ne8 13. Bd3 Nc5 14. Nxc5 dxc5 15.
Nd5 Bxd5 16. exd5 c4 17. Bf5 Bc5 18. Qd2 Rc7 19. Rfd1 Nd6 20. Bh3 Bxe3+ 21.
Qxe3 Qf6 22. c3 Re7 23. g3 Rfe8 24. Rf1 g5 25. Qb6 Kg7 26. Rad1 h6 27. Bg2 Qg6
28. Rfe1 f5 29. Rd2 h5 30. Rde2 Kf7 31. Qf2 Qf6 32. Qb6 Kg6 33. Qc5 Rh8 34. h4
gxh4 35. gxh4 Kf7 36. Kf1 Rg8 37. Rf2 Rg6 38. Ke2 Qxh4 39. Rh1 Qg5 40. Kd1 Kg7
41. Bf1 e4 42. fxe4 Nxe4 43. Qd4+ Nf6 44. Rg2 Qe3 45. Rxg6+ Kxg6 46. Rg1+ Kf7
1/2-1/2

[Event "11. Lichtenberger Sommer"]
[Site "Berlin"]
[Date "2012.08.24"]
[Round "7.61"]
[White "Dittrich, Hans-Georg"]
[Black "Keusch, Horst"]
[Result "0-1"]
[WhiteElo "1748"]
[BlackElo "2003"]
[PlyCount "54"]
[EventDate "2012.??.??"]
[WhiteTeam "SG Blau-Weiß Stadtilm"]
[BlackTeam "SC Friesen Lichtenberg e.V."]

1. e4 g6 2. d4 c6 3. f4 d5 4. e5 Bg7 5. Nf3 Nh6 6. Be2 O-O 7. Be3 f6 8. Qd2 b6
9. Nc3 Bg4 10. h3 Bxf3 11. Bxf3 Nf5 12. Bf2 fxe5 13. dxe5 e6 14. h4 Nd7 15.
O-O-O Nxe5 16. Be2 Nd7 17. h5 Nc5 18. Bf3 Qc7 19. hxg6 hxg6 20. g4 Nd6 21. Be3
Nc4 22. Qh2 Nxe3 23. Qh7+ Kf7 24. Rh6 Rg8 25. Re1 Qxf4 26. Qxg6+ Kf8 27. g5
Bxc3 0-1

[Event "11. Lichtenberger Sommer"]
[Site "Berlin"]
[Date "2012.08.24"]
[Round "7.62"]
[White "George, Tom"]
[Black "Schrodt, Horst"]
[Result "1-0"]
[WhiteElo "1883"]
[BlackElo "1730"]
[PlyCount "57"]
[EventDate "2012.??.??"]
[WhiteTeam "SG Blau-Weiß Stadtilm"]
[BlackTeam "SC Eintracht Berlin e.V."]

1. e4 c6 2. Nc3 d5 3. f4 dxe4 4. Nxe4 Nd7 5. Qe2 Ndf6 6. Nf2 Bf5 7. b3 h6 8.
Nf3 e6 9. Bb2 Nd5 10. g3 Ngf6 11. Bg2 Bc5 12. O-O O-O 13. d4 Bb4 14. c4 Nc3 15.
Qe3 Nce4 16. Nxe4 Bxe4 17. Ne5 Bxg2 18. Kxg2 Rc8 19. a3 Bd6 20. Rae1 Qc7 21. h3
b5 22. f5 exf5 23. Rxf5 Bxe5 24. dxe5 Rce8 25. Rxf6 gxf6 26. Qxh6 Rxe5 27. Rxe5
fxe5 28. Qg5+ Kh7 29. Bxe5 1-0

[Event "11. Lichtenberger Sommer"]
[Site "Berlin"]
[Date "2012.08.24"]
[Round "7.63"]
[White "Rauscher, Joachim"]
[Black "Matitschka, Heinz"]
[Result "1-0"]
[WhiteElo "1866"]
[BlackElo "1870"]
[PlyCount "94"]
[EventDate "2012.??.??"]
[WhiteTeam "SC Brett vor'm Kopp Ffm"]
[BlackTeam "TSG Oberschöneweide e.V."]

1. e4 e6 2. d4 d5 3. Nd2 c5 4. exd5 exd5 5. Bb5+ Nc6 6. Qe2+ Qe7 7. Qxe7+ Bxe7
8. dxc5 Bxc5 9. Nb3 Bd6 10. Be3 Nge7 11. O-O-O O-O 12. h3 Bf5 13. a3 Bg6 14.
Ne2 a6 15. Bd3 Rac8 16. Bxg6 hxg6 17. Nc3 Nf5 18. Nxd5 Nxe3 19. fxe3 Rfe8 20.
h4 Bf8 21. h5 gxh5 22. Rxh5 Re5 23. Rh3 f6 24. Nf4 Kf7 25. Rd7+ Re7 26. Rxe7+
Bxe7 27. Nd3 Bd6 28. Ndc5 Rc7 29. Rh8 Ne5 30. Ne4 Bf8 31. Nd4 Nc4 32. Rxf8+
Kxf8 33. Ne6+ Ke7 34. Nxc7 Nxe3 35. g3 Kd7 36. Kd2 Nf1+ 37. Ke2 Nxg3+ 38. Nxg3
Kxc7 39. Nf5 g6 40. Ne7 Kd6 41. Nxg6 b5 42. Ke3 a5 43. Nf4 Ke5 44. Nd3+ Kd5 45.
Nc1 b4 46. axb4 axb4 47. Nd3 Kc4 1-0

[Event "11. Lichtenberger Sommer"]
[Site "Berlin"]
[Date "2012.08.24"]
[Round "7.64"]
[White "Soliva Ruiz, Ramon"]
[Black "Baranowsky, Peter"]
[Result "0-1"]
[WhiteElo "1620"]
[BlackElo "1963"]
[PlyCount "59"]
[EventDate "2012.??.??"]
[WhiteTeam "Ateneo Maritimo Valencia"]
[BlackTeam "Sfrd. Berlin 1903 e.V."]

1. d4 Nf6 2. c4 e6 3. Nf3 c5 4. dxc5 Bxc5 5. b3 O-O 6. e3 Ne4 7. Bd3 Qf6 8. Qc2
Qxa1 9. Bxe4 f5 10. Bd3 Bb4+ 11. Ke2 Qf6 12. Bb2 Qe7 13. h3 d6 14. g4 Nd7 15.
a3 Ba5 16. b4 Bc7 17. gxf5 Ne5 18. Nxe5 dxe5 19. fxe6 Qh4 20. Rh2 Bxe6 21. Nd2
e4 22. Qc3 exd3+ 23. Ke1 Qf6 24. Qb3 Be5 25. Ne4 Qf5 26. Bxe5 Qxe5 27. Nc5 Qxh2
28. Nxe6 Qxf2+ 29. Kd1 Qe2+ 30. Kc1 0-1

[Event "11. Lichtenberger Sommer"]
[Site "Berlin"]
[Date "2012.08.24"]
[Round "7.65"]
[White "Reiche, Andreas"]
[Black "Becker, Uwe"]
[Result "1-0"]
[WhiteElo "1935"]
[BlackElo "1817"]
[PlyCount "49"]
[EventDate "2012.??.??"]
[WhiteTeam "SV Berolina Mitte e.V."]
[BlackTeam "SV Glück auf Rüdersdorf e.V."]

1. e4 d6 2. f4 g6 3. Nf3 Bg4 4. Bc4 e6 5. O-O Bg7 6. d4 c6 7. Be3 d5 8. exd5
cxd5 9. Bd3 Nc6 10. c3 Nf6 11. Nbd2 O-O 12. Qe1 Ne7 13. h3 Bf5 14. Be2 Be4 15.
Nxe4 Nxe4 16. Ng5 Nxg5 17. fxg5 Nf5 18. Bf4 h6 19. h4 Kh7 20. g4 Nd6 21. Bd3
Qd7 22. h5 Rae8 23. gxh6 Bxh6 24. hxg6+ fxg6 25. Qh4 1-0

[Event "11. Lichtenberger Sommer"]
[Site "Berlin"]
[Date "2012.08.24"]
[Round "7.66"]
[White "Barisch, Florian"]
[Black "Duric, Rajko"]
[Result "1/2-1/2"]
[WhiteElo "1979"]
[BlackElo "1771"]
[PlyCount "181"]
[EventDate "2012.??.??"]
[WhiteTeam "SV 1934 Ffm-Griesheim"]
[BlackTeam "SC Kreuzberg e.V."]

1. d4 Nf6 2. Bf4 d5 3. Nf3 Nc6 4. e3 e6 5. Nbd2 Bd6 6. Ne5 Nd7 7. Bb5 Ndxe5 8.
dxe5 Be7 9. Nf3 Bd7 10. Bd3 g5 11. Bg3 g4 12. Nd4 h5 13. c3 Bh4 14. Bf4 Bg5 15.
Qe2 Bxf4 16. exf4 Ne7 17. O-O-O c6 18. Rde1 Qa5 19. Kb1 O-O-O 20. h3 c5 21. Nb3
Qb6 22. Bc2 Bb5 23. Qd2 Nc6 24. hxg4 hxg4 25. Rxh8 Rxh8 26. Qe3 c4 27. Nd4 Nxd4
28. cxd4 Qd8 29. f5 Qh4 30. fxe6 fxe6 31. Qf4 Bd7 32. Bd1 Rg8 33. Rg1 Qg5 34.
Qxg5 Rxg5 35. g3 Be8 36. Rh1 Bg6+ 37. Kc1 Bf5 38. Kd2 b5 39. Kc3 a5 40. a3 Rg8
41. Rh6 Kc7 42. Rh4 Kb6 43. Rh6 Kc7 44. Rh5 Kb6 45. Rh4 Kc7 46. Rh6 Kb6 47. Bc2
b4+ 48. axb4 axb4+ 49. Kd2 c3+ 50. bxc3 bxc3+ 51. Kc1 Kb5 52. Bxf5 exf5 53. Kc2
Kc4 54. Ra6 Kxd4 55. e6 Re8 56. Ra4+ Ke5 57. Kxc3 Rxe6 58. Kd3 Rb6 59. Ra2 Rb3+
60. Ke2 Ke4 61. Ra8 Rb2+ 62. Ke1 d4 63. Ra4 Rc2 64. Ra3 Rc3 65. Ra8 Kd3 66. Ra1
Ke4 67. Ra8 Kf3 68. Ra5 Ke4 69. Ra8 Rc2 70. Ra3 Rb2 71. Ra4 Rb1+ 72. Ke2 Rc1
73. Kd2 Rc3 74. Ke2 Rf3 75. Rb4 Kd5 76. Rb2 d3+ 77. Ke1 Kc4 78. Ra2 Kb3 79. Rd2
Kc3 80. Ra2 f4 81. gxf4 Rxf4 82. Ra3+ Kc2 83. Ra2+ Kb3 84. Ra8 Re4+ 85. Kd2 Rd4
86. Rc8 Rf4 87. Kxd3 Rxf2 88. Rb8+ Ka4 89. Ke3 Rf3+ 90. Ke2 Rf4 91. Ke3 1/2-1/2

[Event "11. Lichtenberger Sommer"]
[Site "Berlin"]
[Date "2012.08.24"]
[Round "7.67"]
[White "Lämmel, Claus-Peter"]
[Black "Langner, Tobias"]
[Result "1/2-1/2"]
[WhiteElo "1580"]
[BlackElo "1948"]
[PlyCount "49"]
[EventDate "2012.??.??"]
[WhiteTeam "SV Cranzahl 1962"]
[BlackTeam "USV Potsdam e.V., Abt. Schach"]

1. d4 d5 2. c4 e6 3. a3 f5 4. e3 Nf6 5. Nc3 c6 6. f4 Be7 7. Nf3 O-O 8. Be2 Ne4
9. Nxe4 fxe4 10. Ne5 Nd7 11. Bd2 Nxe5 12. dxe5 a5 13. Bc3 Bd7 14. Qd2 b5 15.
cxb5 cxb5 16. O-O a4 17. Rfc1 Qb8 18. Rc2 Rc8 19. Rac1 Qb7 20. Bb4 Bd8 21. Qd4
Bb6 22. Rxc8+ Rxc8 23. Rxc8+ Bxc8 24. Bc5 Ba5 25. Kf1 1/2-1/2

[Event "11. Lichtenberger Sommer"]
[Site "Berlin"]
[Date "2012.08.24"]
[Round "7.68"]
[White "Mayer, Herbert"]
[Black "Heinrich, Wesko"]
[Result "1-0"]
[WhiteElo "1975"]
[BlackElo "1555"]
[PlyCount "53"]
[EventDate "2012.??.??"]
[WhiteTeam "SC Rochade e.V."]
[BlackTeam "SG Narva Berlin e.V."]

1. f4 c6 2. b3 d5 3. Nf3 Bf5 4. e3 Nd7 5. Bb2 Ngf6 6. Be2 e6 7. O-O Be7 8. Ne5
h6 9. d3 Nxe5 10. fxe5 Nd7 11. Bh5 Rf8 12. Nd2 Qc7 13. d4 O-O-O 14. c4 dxc4 15.
bxc4 Qb6 16. Bc3 Bg5 17. Qe2 Nxe5 18. c5 Qc7 19. dxe5 Bd3 20. Qf2 Bxf1 21. Rxf1
Rd3 22. Bd4 Rd8 23. Nc4 Bxe3 24. Bxe3 Rc3 25. Nd6+ Kb8 26. Rb1 Qa5 27. Nxb7 1-0

[Event "11. Lichtenberger Sommer"]
[Site "Berlin"]
[Date "2012.08.24"]
[Round "7.69"]
[White "Lohse, Steffen"]
[Black "Costello, Colin"]
[Result "0-1"]
[WhiteElo "1928"]
[BlackElo "1956"]
[PlyCount "60"]
[EventDate "2012.??.??"]
[WhiteTeam "SV Osram e.V."]
[BlackTeam "SC Weisse Dame e.V."]

1. d4 Nf6 2. e3 d5 3. c3 c5 4. f4 Nc6 5. Nf3 e6 6. Nbd2 Bd6 7. Ne5 Qc7 8. Bd3
b6 9. Bb5 Bb7 10. Qa4 Rc8 11. Qxa7 Bxe5 12. Qa4 Bd6 13. Nf3 O-O 14. Ne5 Bxe5
15. fxe5 Ne4 16. Bd3 f6 17. Bxe4 dxe4 18. dxc5 Nxe5 19. O-O Qxc5 20. Bd2 Rfd8
21. Rad1 Nc4 22. b4 Qc6 23. Qc2 Nxd2 24. Rxd2 Rxd2 25. Qxd2 Qd5 26. Qc2 Qd3 27.
Qa4 Qxe3+ 28. Kh1 Qe2 29. Rg1 Rd8 30. Qa7 Qa6 0-1

[Event "11. Lichtenberger Sommer"]
[Site "Berlin"]
[Date "2012.08.24"]
[Round "7.70"]
[White "Engelhardt, Erhard"]
[Black "Witte, Ronald"]
[Result "0-1"]
[WhiteElo "1847"]
[BlackElo "2034"]
[PlyCount "32"]
[EventDate "2012.??.??"]
[WhiteTeam "SSV Rotation Berlin e.V."]
[BlackTeam "BSV 63 Chemie Weißensee"]

1. f4 Nf6 2. Nf3 g6 3. b3 Bg7 4. Bb2 O-O 5. e3 d6 6. Be2 Nbd7 7. O-O c6 8. c4
Qc7 9. Qc2 e5 10. fxe5 dxe5 11. e4 Re8 12. Nc3 Nc5 13. Rad1 Ne6 14. d3 Ng4 15.
Bc1 Qb6+ 16. d4 exd4 0-1

[Event "11. Lichtenberger Sommer"]
[Site "Berlin"]
[Date "2012.08.24"]
[Round "7.71"]
[White "Schmidt, Jürgen"]
[Black "Zesewitz, Martin"]
[Result "0-1"]
[WhiteElo "2055"]
[BlackElo "1870"]
[PlyCount "59"]
[EventDate "2012.??.??"]
[WhiteTeam "SC Kreuzberg e.V."]
[BlackTeam "SF Friedrichshagen"]

1. e4 c6 2. d4 d5 3. exd5 cxd5 4. c4 Nf6 5. Nc3 e6 6. Nf3 Nc6 7. Bg5 Be7 8. Bd3
Qb6 9. O-O Qxb2 10. Nb5 O-O 11. Bd2 Nb4 12. Bc3 Nxd3 13. Bxb2 Nxb2 14. Qb3 Nxc4
15. Rfe1 Bd8 16. Ne5 a6 17. Nc3 b5 18. a4 Bb6 19. axb5 Nxe5 20. dxe5 Ng4 21.
Nd1 Nxe5 22. bxa6 Nc4 23. Ne3 Bd4 24. Rad1 Bxe3 25. fxe3 Bxa6 26. e4 Rfb8 27.
Qc3 dxe4 28. Rxe4 Nb2 29. Rd2 Bd3 30. Re1 0-1

[Event "11. Lichtenberger Sommer"]
[Site "Berlin"]
[Date "2012.08.24"]
[Round "7.73"]
[White "Kranch, Klaus"]
[Black "Scheide, Helmut"]
[Result "0-1"]
[WhiteElo "1770"]
[BlackElo "1998"]
[PlyCount "76"]
[EventDate "2012.??.??"]
[WhiteTeam "SC Rochade e.V."]
[BlackTeam "USV Potsdam e.V., Abt. Schach"]

1. d4 d5 2. c4 e6 3. Nc3 c6 4. Nf3 Nd7 5. e3 Ngf6 6. cxd5 exd5 7. Bd3 Bd6 8.
O-O h6 9. Bd2 O-O 10. Qc2 Re8 11. Rfe1 Nf8 12. h3 Be6 13. e4 dxe4 14. Nxe4 Nxe4
15. Bxe4 Qc7 16. Bc3 Rad8 17. Ne5 Nd7 18. Bh7+ Kh8 19. Re3 Nf6 20. Bf5 Nd5 21.
Re2 Nf4 22. Re3 Nd5 23. Re2 Nxc3 24. bxc3 c5 25. Bxe6 Rxe6 26. Nf3 cxd4 27.
cxd4 Qxc2 28. Rxc2 Rde8 29. g3 Kg8 30. Rac1 Ba3 31. Rd1 Re2 32. Rdd2 Rxd2 33.
Rxd2 Bb4 34. Rb2 a5 35. Kf1 Re7 36. Rb3 Rc7 37. a3 Bd6 38. Ke2 a4 0-1

[Event "11. Lichtenberger Sommer"]
[Site "Berlin"]
[Date "2012.08.24"]
[Round "7.74"]
[White "Harringer, Manfred"]
[Black "Kurbel, Horst-Peter"]
[Result "0-1"]
[WhiteElo "1900"]
[BlackElo "1865"]
[PlyCount "67"]
[EventDate "2012.??.??"]
[WhiteTeam "vereinslos"]
[BlackTeam "FC Bayern München e.V."]

1. e4 c5 2. Nf3 d6 3. g3 Nc6 4. d3 g6 5. Bg2 Bg7 6. c3 e6 7. Be3 Nge7 8. Na3 a6
9. Qd2 O-O 10. Bh6 f5 11. Bxg7 Kxg7 12. h4 h5 13. O-O-O b5 14. Nc2 Rb8 15. Ng5
b4 16. d4 b3 17. axb3 Rxb3 18. Na1 Rb8 19. dxc5 dxc5 20. Qxd8 Rxd8 21. Rxd8
Nxd8 22. Rd1 Nf7 23. Nxf7 Kxf7 24. exf5 exf5 25. Nc2 Rb6 26. Ne3 Be6 27. Rd8
Bb3 28. Bf1 a5 29. Bc4+ Bxc4 30. Nxc4 Ra6 31. f4 Ke6 32. Kd2 a4 33. Rb8 Nc6 34.
Kd3 0-1

[Event "11. Lichtenberger Sommer"]
[Site "Berlin"]
[Date "2012.08.24"]
[Round "7.75"]
[White "Junge, Wolfgang"]
[Black "Engers, Felix"]
[Result "1/2-1/2"]
[WhiteElo "1799"]
[BlackElo "1767"]
[PlyCount "119"]
[EventDate "2012.??.??"]
[WhiteTeam "SC Friesen Lichtenberg e.V."]
[BlackTeam "SC Zitadelle Spandau 1977 e.V."]

1. g4 e5 2. Bg2 d5 3. d4 e4 4. g5 f5 5. f4 h5 6. h4 c5 7. e3 c4 8. Bd2 Bd6 9.
Nc3 Ne7 10. b3 Bb4 11. Nxe4 fxe4 12. Bxb4 Nf5 13. Kf2 a5 14. Bd2 b5 15. Ne2 Nd6
16. Ng3 Bg4 17. Qe1 b4 18. c3 bxc3 19. Bxc3 O-O 20. Qd2 Nc6 21. Bh3 Bxh3 22.
Rxh3 g6 23. Rhh1 Rb8 24. Rab1 cxb3 25. axb3 Rb5 26. Qa2 Nb4 27. Bxb4 Rxb4 28.
Rhc1 Qb6 29. Rc5 Rb5 30. b4 Nc4 31. Rxb5 Qxb5 32. bxa5 Qd7 33. a6 Qg4 34. Qe2
Qxh4 35. Kg2 Ra8 36. Ra1 Qg4 37. Kf2 Qh3 38. Rh1 Qd7 39. Nxe4 Rxa6 40. Nf6+
Rxf6 41. gxf6 Qf5 42. Rg1 Nd6 43. Qa2 Kf7 44. Rc1 Ne4+ 45. Ke1 Kxf6 46. Qa6+
Kg7 47. Rc7+ Kh6 48. Qb7 g5 49. Rc6+ Nf6 50. Kd2 gxf4 51. Qf7 fxe3+ 52. Kc3 Kg5
53. Qg7+ Qg6 54. Qe7 Qf5 55. Qxe3+ Kg4 56. Qg1+ Kf4 57. Qf2+ Kg5 58. Qe3+ Kg4
59. Qe2+ Kg5 60. Qe3+ 1/2-1/2